<?xml version="1.0" encoding="UTF-8"?>
<record
    xmlns:xsi="http://www.w3.org/2001/XMLSchema-instance"
    xsi:schemaLocation="http://www.loc.gov/MARC21/slim http://www.loc.gov/standards/marcxml/schema/MARC21slim.xsd"
    xmlns="http://www.loc.gov/MARC21/slim">

  <leader>01555nam a22002417a 4500</leader>
  <controlfield tag="003">KOHA_M&#x130;RAKIL</controlfield>
  <controlfield tag="005">20260420125222.0</controlfield>
  <controlfield tag="008">260420b        tu ||||| |||| 00| 0 tur d</controlfield>
  <datafield tag="020" ind1=" " ind2=" ">
    <subfield code="a">9759274222</subfield>
  </datafield>
  <datafield tag="040" ind1=" " ind2=" ">
    <subfield code="a">TR-AnABB</subfield>
    <subfield code="b">tur</subfield>
    <subfield code="c">TR-AnABB</subfield>
  </datafield>
  <datafield tag="041" ind1=" " ind2=" ">
    <subfield code="a">tur</subfield>
  </datafield>
  <datafield tag="082" ind1=" " ind2=" ">
    <subfield code="a">808.831</subfield>
    <subfield code="b">DUN 2005</subfield>
  </datafield>
  <datafield tag="245" ind1="0" ind2="0">
    <subfield code="a">D&#xFC;nya edebiyat&#x131;ndan se&#xE7;me &#xF6;yk&#xFC;ler /</subfield>
    <subfield code="c">edit&#xF6;r: Ahmet &#xD6;zalp, M&#xFC;rsel S&#xF6;nmez, &#x130;brahim Yar&#x131;&#x15F;</subfield>
  </datafield>
  <datafield tag="260" ind1=" " ind2=" ">
    <subfield code="a">&#x130;stanbul :</subfield>
    <subfield code="b">Kad&#x131;n Koordinasyon Merkezi, </subfield>
    <subfield code="c">2005</subfield>
  </datafield>
  <datafield tag="300" ind1=" " ind2=" ">
    <subfield code="a">238 sayfa ; </subfield>
    <subfield code="c">18 cm</subfield>
  </datafield>
  <datafield tag="490" ind1="0" ind2=" ">
    <subfield code="a">KKM ;</subfield>
    <subfield code="v">2</subfield>
  </datafield>
  <datafield tag="505" ind1=" " ind2=" ">
    <subfield code="a">&#x130;&#xE7;indekiler: Alponse Daudet / Ayna - Anton &#xC7;ehov / &#xDC;nlem &#x130;&#x15F;areti - Cengiz Aytmatov / Asker &#xC7;ocu&#x11F;u - Edgar Allan Poe / K&#x131;z&#x131;l &#xF6;l&#xFC;m&#xFC;n maskesi - Ernes Hemingway / Bir Ba&#x15F;ka &#xDC;lkede - Franz Kafka / Bir k&#xF6;y hekimi - Friedrich von Schiller /Rehine - Gabriel Garcia Marquez / Noba, Melekleri bekleten zenci - Giovanni Verga / Mal - Guy de Maupassant / Analar - Heinrich B&#xF6;ll / K&#xF6;pr&#xFC; ba&#x15F;&#x131;nda - Hermann Hesse / Ziegler ad&#x131;nda biri - &#x130;smail Kadare / Sultan&#x131;n yakar&#x131;&#x15F;&#x131; - &#x130;van Turgenyev / B&#x131;ld&#x131;rc&#x131;n - Jack London / Hayat&#x131;n kanunu - James Joyce / Evelin - Joao Guimaraes Rosa / Nehrin &#xDC;&#xE7;&#xFC;nc&#xFC; K&#x131;y&#x131;s&#x131; - John Steinbeck / Kas&#x131;mpatlar&#x131; - Jorge Luis Borges / Kar&#x15F;&#x131;la&#x15F;ma - Julio Cortozar / Paris'teki bir gen&#xE7; han&#x131;ma mektup - Katherine Mansfield / K&#xFC;&#xE7;&#xFC;k K&#x131;z</subfield>
  </datafield>
  <datafield tag="650" ind1="0" ind2="4">
    <subfield code="a">D&#xFC;nya edebiyat&#x131;, se&#xE7;me &#xF6;yk&#xFC;ler</subfield>
  </datafield>
  <datafield tag="700" ind1="1" ind2=" ">
    <subfield code="a">&#xD6;zalp, Ahmet,</subfield>
    <subfield code="e">edit&#xF6;r</subfield>
    <subfield code="9">3529</subfield>
  </datafield>
  <datafield tag="700" ind1="1" ind2=" ">
    <subfield code="a">S&#xF6;nmez, M&#xFC;rsel, </subfield>
    <subfield code="e">edit&#xF6;r</subfield>
    <subfield code="9">3530</subfield>
  </datafield>
  <datafield tag="700" ind1="1" ind2=" ">
    <subfield code="a">Yar&#x131;&#x15F;, &#x130;brahim,</subfield>
    <subfield code="e">edit&#xF6;r</subfield>
    <subfield code="9">3531</subfield>
  </datafield>
  <datafield tag="942" ind1=" " ind2=" ">
    <subfield code="2">ddc</subfield>
    <subfield code="c">BK</subfield>
  </datafield>
  <datafield tag="952" ind1=" " ind2=" ">
    <subfield code="0">0</subfield>
    <subfield code="1">0</subfield>
    <subfield code="2">ddc</subfield>
    <subfield code="7">0</subfield>
    <subfield code="a">RUK</subfield>
    <subfield code="b">RUK</subfield>
    <subfield code="d">2026-04-20</subfield>
    <subfield code="l">0</subfield>
    <subfield code="o">808.831 DUN 2005</subfield>
    <subfield code="p">RK7193</subfield>
    <subfield code="r">2026-04-20 12:53:58</subfield>
    <subfield code="w">2026-04-20</subfield>
    <subfield code="y">BK</subfield>
  </datafield>
  <datafield tag="999" ind1=" " ind2=" ">
    <subfield code="c">10301</subfield>
    <subfield code="d">10301</subfield>
  </datafield>
  <datafield tag="900" ind1=" " ind2=" ">
    <subfield code="b">Can &#xC7;ELIK</subfield>
  </datafield>
</record>
